Róna : sochy a obrazy : [katalog výstavy] : Dům U kamenného zvonu (Galerie hlavního města Prahy), listopad 1997-leden 1998 /

Hlavní autor: Róna, Jaroslav, 1957-
Další autoři: Malá, Olga, 1957-, Portel, Robert, 1966-
Jazyk: Čeština
Angličtina
Vydáno: Praha : Galerie hlavního města Prahy, 1997
Témata:
Fyzický popis: 115 s. : barev. il. ; 30 x 25 cm
Knihy
Uloženo v:
LEADER 01740nam a2200457 a 4500
001 000244475
003 CZ BrMZK
005 20210429135643.0
007 ta
008 960815s1997 xr e c 0dcze d
015 |a cnb000287123 
020 |a 80-7010-055-9 
035 |a (OCoLC)38762144 
040 |a BOA001  |b cze 
041 1 |a cze  |a eng 
043 |a e-xr--- 
045 |a x-x- 
072 7 |a 72/76  |x Výtvarné umění  |2 Konspekt  |9 21 
080 |a 730(437.3)  |2 MRF 
080 |a 75(437.3)  |2 MRF 
080 |a 730.036/.038  |2 MRF 
080 |a 75.036/.038  |2 MRF 
080 |a (437.3)  |2 MRF 
080 |a (083.824)  |2 MRF 
100 1 |a Róna, Jaroslav,  |d 1957-  |7 jn19990009972  |4 aut 
245 1 0 |a Róna :  |b sochy a obrazy : [katalog výstavy] : Dům U kamenného zvonu (Galerie hlavního města Prahy), listopad 1997-leden 1998 /  |c [text katalogu Olga Malá ; fotografie v katalogu Robert Portel. ... [et al.]]. 
260 |a Praha :  |b Galerie hlavního města Prahy,  |c 1997 
300 |a 115 s. :  |b barev. il. ;  |c 30 x 25 cm 
500 |a Text též angl. 
600 1 7 |a Róna, Jaroslav,  |d 1957-  |7 jn19990009972  |2 czenas 
648 7 |a 20. století  |7 ch460558 
650 0 7 |a české sochařství  |y 20. století  |7 ph128152  |2 czenas 
650 0 7 |a české malířství  |y 20. století  |7 ph116864  |2 czenas 
650 0 7 |a moderní sochařství  |z Česko  |7 ph122941  |2 czenas 
650 0 7 |a moderní malířství  |z Česko  |7 ph122940  |2 czenas 
655 7 |a katalogy výstav  |7 fd132536  |2 czenas 
700 1 |a Malá, Olga,  |d 1957-  |7 jx20040217013  |4 aut 
700 1 |a Portel, Robert,  |d 1966-  |7 mzk2006322674  |4 pht 
910 |a BOA001  |b 4-1038.165 
990 |a BK 
996 6 |b 2610060077  |c 4-1038.165  |l MZK  |r Sklad / do 1 hodiny  |n 17  |p p.v.  |w 000244475  |u 000010  |a 1  |e BOA001  |j MZK50  |s P